00973 2200313 4500001002100000005001500021035002000036007000300056040001700059100002800076245012000104300003100224041000800255082000800263084001400271090002100285264003400306336002100340337003000361338002300391850001000414008004100424250001200465020002200477700007700499700005000576650001000626990002300636INLIS00000000000870020260518105936 a0010-1022000075ta aSBPUPADbind0 aHarlan CobenePengarang1 aThe Woods :bMistreri di Balik Hutan /cHarlan Coben ;editor, Fransiska R. Uli ; penerjemah, Dyah Novieta Handayani a491 hlm. :bilus. ;c21 cm0 aind a813 a813 GOB t a813 DWI t L24-12 a.--Jakarta :bErlangga,c2007 2rdacontentateks 2rdamediaatanpa perantara 2rdacarrieravolume aPUPAD260518 1  a.-cet.5 a978-979-075-732-5 aeditor, Fransiska R. Uli ; penerjemah, Dyah Novieta HandayaniePengarang0 apenerjemah, Dyah Novieta HandayaniePengarang 4aNovel a17416/Br/KAPD/2012